Sports Quiz

Random Sports or Cricket Quiz

Pakistan Twenty20 International Cricketers Quiz Stats

Quiz not verified by Sporcle

Challenge
Share
Tweet
Embed
Score 0/66 Timer 10:00
0 Plays Today
Cap Cricketer % Correct
3Kamran Akmal
92.1%
5Mohammad Hafeez
92.1%
8Shahid Afridi
89.5%
26Sohail Khan
89.5%
34Umar Akmal
89.5%
40Junaid Khan
89.5%
11Younus Khan
86.8%
17Misbah ul Haq
84.2%
21Umar Gul
84.2%
25Shoaib Khan
84.2%
57Sharjeel Khan
84.2%
64Imran Khan
84.2%
58Usman Khan
81.6%
9Shoaib Akhtar
78.9%
31Saeed Ajmal
76.3%
32Mohammad Amir
76.3%
10Shoaib Malik
73.7%
24Wahab Riaz
73.7%
28Anwar Ali
73.7%
2Inzamam ul Haq
71.1%
6Mohammad Yousuf
71.1%
14Shabbir Ahmed
71.1%
36Sarfraz Ahmed
71.1%
39Tanvir Ahmed
71.1%
53Asad Ali
71.1%
61Mukhtar Ahmed
71.1%
1Abdul Razzaq
68.4%
22Sohail Tanvir
68.4%
44Yasir Shah
65.8%
4Mohammad Asif
63.2%
18Salman Butt
63.2%
54Haris Sohail
60.5%
30Ahmed Shehzad
57.9%
Cap Cricketer % Correct
50Mohammad Irfan
55.3%
62Imad Wasim
50%
63Nauman Anwar
50%
13Imran Nazir
47.4%
37Mohammad Sami
47.4%
52Zulfiqar Babar
47.4%
33Shahzaib Hasan
44.7%
35Imran Farhat
44.7%
49Raza Hasan
44.7%
38Asad Shafiq
42.1%
46Hammad Azam
42.1%
20Fawad Alam
39.5%
12Abdur Rehman
36.8%
29Khalid Latif
34.2%
48Nasir Jamshed
34.2%
15Zulqarnain Haider
31.6%
51Umar Amin
28.9%
55Sohaib Maqsood
28.9%
19Yasir Arafat
26.3%
45Awais Zia
26.3%
56Bilawal Bhatti
26.3%
60Mohammad Rizwan
26.3%
41Mohammad Salman
23.7%
43Rameez Raja
23.7%
7Rana Naveed
21.1%
16Iftikhar Anjum
21.1%
66Aamer Yamin
21.1%
27Abdur Rauf
18.4%
23Mansoor Amjad
15.8%
65Rafatullah Mohmand
15.8%
42Aizaz Cheema
13.2%
59Saad Nasim
13.2%
47Shakeel Ansar
7.9%

You're not logged in!

Compare scores with friends on all Sporcle quizzes.
Sign Up with Email
OR
Log In

You Might Also Like...

Show Comments

Extras

Top Quizzes Today


Score Distribution

Your Account Isn't Verified!

In order to create a playlist on Sporcle, you need to verify the email address you used during registration. Go to your Sporcle Settings to finish the process.

Report this User

Report this user for behavior that violates our Community Guidelines.

Details: